Govt. of
Madhya Pradesh

Swami Vivekananda in Newspapers Abroad (Record no. 69037)

MARC details
000 -LEADER
fixed length control field 00270nam a22001097a 4500
082 ## - DEWEY DECIMAL CLASSIFICATION NUMBER
Classification number 900/ROY
100 ## - MAIN ENTRY--AUTHOR NAME
Personal name Roy, Sujit
245 ## - TITLE STATEMENT
Title Swami Vivekananda in Newspapers Abroad
Sub Title 1893 - Post 1902
260 ## - PUBLICATION, DISTRIBUTION, ETC. (IMPRINT)
Place of publication Delhi
Name of publisher Nandy Books
Year of publication 2024
650 ## - SUBJECT ADDED ENTRY--TOPICAL TERM
Topical Term History
942 ## - ADDED ENTRY ELEMENTS (KOHA)
Koha item type Books
Holdings
Withdrawn status Lost status Damaged status Not for loan Home library Current library Date acquired Cost, normal purchase price Full call number Accession Number Price effective from Koha item type
        MACL MACL 10/04/2026 1295.00 900/ROY CRE040451 10/04/2026 Books